[Event "St Petersburg CYSS-2 IM"]
[Site "St Petersburg"]
[Date "2006.10.03"]
[Round "6"]
[White "Gerasimov, Yuri"]
[Black "Bronnikova, Elizaveta"]
[Result "1/2-1/2"]
[WhiteElo "2294"]
[BlackElo "2243"]
[PlyCount "38"]
[EventDate "2006.09.29"]
[EventType "tourn"]
[EventRounds "11"]
[EventCountry "RUS"]
[EventCategory "2"]
[SourceTitle "EXT 2022"]
[Source "ChessBase"]
[SourceDate "2021.10.06"]
[SourceVersion "1"]
[SourceVersionDate "2021.10.06"]
[SourceQuality "1"]

1. d4 Nf6 2. c4 g6 3. Nc3 Bg7 4. e4 d6 5. f3 0-0 6. Be3 Nc6 7. Qd2 a6 8. Nge2 Rb8 9. Nc1 e5 10. d5 Nd4 11. N1e2 c5 12. dxc6 Nxc6 13. 0-0-0 Be6 14. Qxd6 Qxd6 15. Rxd6 Bxc4 16. Kb1 Rfd8 17. Rxd8+ Rxd8 18. Nc1 Be6 19. Be2 Nd7 1/2-1/2

[Event "St Petersburg CYSS-2 IM"]
[Site "St Petersburg"]
[Date "2006.10.01"]
[Round "3"]
[White "Gerasimov, Yuri"]
[Black "Pogosian, Vladimir"]
[Result "1-0"]
[WhiteElo "2294"]
[BlackElo "2241"]
[PlyCount "67"]
[EventDate "2006.09.29"]
[EventType "tourn"]
[EventRounds "11"]
[EventCountry "RUS"]
[EventCategory "2"]
[SourceTitle "EXT 2022"]
[Source "ChessBase"]
[SourceDate "2021.10.06"]
[SourceVersion "1"]
[SourceVersionDate "2021.10.06"]
[SourceQuality "1"]

1. d4 f5 2. c4 Nf6 3. Nc3 d6 4. Bg5 Nbd7 5. h4 e5 6. Nf3 Be7 7. dxe5 dxe5 8. Nd5 e4 9. Nxe7 Qxe7 10. Nd4 Ne5 11. e3 0-0 12. Qb3 c5 13. Nb5 Rd8 14. Nc3 Nd3+ 15. Bxd3 Rxd3 16. Rd1 Rxd1+ 17. Kxd1 Be6 18. Kc1 Qf7 19. Bxf6 Bxc4 20. Qa3 Qxf6 21. Qxc5 Qe6 22. Kb1 b6 23. Qc7 a5 24. Rc1 b5 25. Ka1 a4 26. Qb7 Qa6 27. Qd7 Rf8 28. Rd1 Bd3 29. a3 Qg6 30. g3 Qf7 31. Qd6 Qb3 32. Rc1 Rc8 33. Qd7 Rxc3 34. Qe8# 1-0

[Event "St Petersburg CYSS-2 IM"]
[Site "St Petersburg"]
[Date "2006.09.30"]
[Round "2"]
[White "Giri, Anish"]
[Black "Gerasimov, Yuri"]
[Result "1/2-1/2"]
[WhiteElo "2155"]
[BlackElo "2294"]
[PlyCount "77"]
[EventDate "2006.09.29"]
[EventType "tourn"]
[EventRounds "11"]
[EventCountry "RUS"]
[EventCategory "2"]
[SourceTitle "EXT 2022"]
[Source "ChessBase"]
[SourceDate "2021.10.06"]
[SourceVersion "1"]
[SourceVersionDate "2021.10.06"]
[SourceQuality "1"]

1. e4 e5 2. Nf3 d6 3. d4 exd4 4. Nxd4 Nf6 5. Nc3 Be7 6. Be2 0-0 7. 0-0 Re8 8. f4 Bf8 9. Bf3 Nbd7 10. Re1 Nc5 11. Nb3 Nxb3 12. axb3 Nd7 13. Be3 a6 14. Qd2 c6 15. b4 b5 16. e5 d5 17. Ne2 Bb7 18. Nd4 Qc7 19. Nb3 f6 20. exf6 Nxf6 21. Bc5 Bxc5+ 22. Nxc5 Nd7 23. Nxd7 Qxd7 24. c3 Qf5 25. Re3 Rxe3 26. Qxe3 Rf8 27. Rf1 Qf7 28. g3 Re8 29. Qd2 Bc8 30. Re1 Bf5 31. Rxe8+ Qxe8 32. Qe2 Qd7 33. Qe3 h6 34. Kf2 Kh7 35. Qd4 Bg4 36. Qd3+ Kh8 37. Qe3 Bxf3 38. Kxf3 Qh3 39. Qe8+ 1/2-1/2

[Event "Petrovskaya Ladya A2"]
[Site "Peterhof"]
[Date "2006.08.14"]
[Round "1"]
[White "Gerasimov, Yuri"]
[Black "Drugov, Pavel"]
[Result "1/2-1/2"]
[WhiteElo "2294"]
[BlackElo "2337"]
[PlyCount "50"]
[EventDate "2006.08.14"]
[EventType "tourn"]
[EventRounds "11"]
[EventCountry "RUS"]
[EventCategory "1"]
[SourceTitle "EXT 2007"]
[Source "ChessBase"]
[SourceDate "2006.11.23"]
[SourceVersion "1"]
[SourceVersionDate "2006.11.23"]
[SourceQuality "1"]

1. d4 Nf6 2. c4 g6 3. Nc3 Bg7 4. e4 d6 5. f3 0-0 6. Be3 b6 7. Qd2 c5 8. Nge2 Nc6 9. d5 Ne5 10. b3 e6 11. Rd1 exd5 12. Nxd5 Nxd5 13. Qxd5 Be6 14. Qd2 Qh4+ 15. Ng3 h6 16. Be2 Rad8 17. 0-0 f5 18. exf5 gxf5 19. Bf2 Qe7 20. Nh5 d5 21. cxd5 Bxd5 22. Qe3 Qg5 23. Qxg5 hxg5 24. f4 gxf4 25. Nxf4 Bf7 1/2-1/2

[Event "Petrovskaya Ladya"]
[Site "Peterhof"]
[Date "2005.08.04"]
[Round "5"]
[White "Petrenko, Svetlana"]
[Black "Gerasimov, Yuri"]
[Result "0-1"]
[WhiteElo "2307"]
[BlackElo "2298"]
[PlyCount "114"]
[EventDate "2005.08.01"]
[EventType "tourn"]
[EventRounds "13"]
[EventCountry "RUS"]
[EventCategory "5"]
[SourceTitle "CBM 107 Extra"]
[Source "ChessBase"]
[SourceDate "2005.09.01"]
[SourceVersion "1"]
[SourceVersionDate "2005.09.01"]
[SourceQuality "1"]

1. e4 c5 2. Nf3 e6 3. d4 cxd4 4. Nxd4 a6 5. c4 Qc7 6. Nc3 Nf6 7. a3 Be7 8. Be2 0-0 9. 0-0 d6 10. Be3 b6 11. Rc1 Bb7 12. f3 Nbd7 13. Qe1 Rac8 14. g4 Qb8 15. g5 Ne8 16. Qg3 Bd8 17. b3 g6 18. Qh3 Ng7 19. Nd1 Rc5 20. Qg2 e5 21. Nc2 Nh5 22. b4 Rc8 23. Qg4 Rc7 24. Nc3 b5 25. Nd5 Bxd5 26. cxd5 Nb6 27. Ne1 Rxc1 28. Bxc1 Nc4 29. Ng2 Bb6+ 30. Kh1 Qc7 31. f4 exf4 32. Nxf4 Ne5 33. Qh4 Nxf4 34. Qxf4 Qc2 35. Bd1 Qc3 36. Bg4 Bd4 37. Be2 Qc2 38. Bd1 Qc4 39. Bd2 Qd3 40. a4 Nc4 41. Bc1 Qc3 42. Be2 Be5 43. Qf2 Qxb4 44. axb5 axb5 45. Bg4 Na5 46. Qf3 Nb3 47. Qd3 Nc5 48. Qc2 Nxe4 49. Bd7 Nc5 50. Bc6 Qc4 51. Qxc4 bxc4 52. Be3 Ne4 53. Kg2 Rb8 54. Kf3 Nc3 55. Rc1 Rb3 56. h4 Kg7 57. Rc2 Nd1 0-1

[Event "Petrovskaya Ladya"]
[Site "Peterhof"]
[Date "2005.08.01"]
[Round "1"]
[White "Bets, Anatolij"]
[Black "Gerasimov, Yuri"]
[Result "0-1"]
[WhiteElo "2377"]
[BlackElo "2298"]
[PlyCount "76"]
[EventDate "2005.08.01"]
[EventType "tourn"]
[EventRounds "13"]
[EventCountry "RUS"]
[EventCategory "5"]
[SourceTitle "CBM 107 Extra"]
[Source "ChessBase"]
[SourceDate "2005.09.01"]
[SourceVersion "1"]
[SourceVersionDate "2005.09.01"]
[SourceQuality "1"]

1. d4 Nf6 2. c4 e6 3. Nc3 Bb4 4. e3 c5 5. Nge2 cxd4 6. exd4 d5 7. c5 0-0 8. a3 Bxc3+ 9. Nxc3 Nc6 10. Be2 e5 11. dxe5 Nxe5 12. Be3 Bg4 13. f3 Be6 14. Bf4 Nc4 15. Bxc4 dxc4 16. Bd6 Re8 17. 0-0 Qd7 18. Qd4 Qc6 19. f4 Rad8 20. f5 Bc8 21. Rad1 b6 22. Qf4 bxc5 23. Rf2 Bxf5 24. Qxf5 Rxd6 25. Rdf1 h6 26. h3 Rd4 27. Rf3 Re6 28. Qc2 Qd7 29. Nb1 Qd5 30. Nc3 Qg5 31. R3f2 Rd3 32. Ne2 Rd2 33. Qxc4 Rxb2 34. Nf4 Rxf2 35. Rxf2 Re4 36. Qb5 Qe5 37. Nd3 Qd4 38. Kf1 Qa1+ 0-1

[Event "RUS Summer U16 2nd"]
[Site "Satka"]
[Date "2005.06.29"]
[Round "3"]
[White "Matsenko, Sergei"]
[Black "Gerasimov, Yuri"]
[Result "1-0"]
[WhiteElo "2284"]
[BlackElo "2302"]
[PlyCount "69"]
[EventDate "2005.06.27"]
[EventType "swiss"]
[EventRounds "9"]
[EventCountry "RUS"]
[SourceTitle "CBM 107 Extra"]
[Source "ChessBase"]
[SourceDate "2005.09.01"]
[SourceVersion "1"]
[SourceVersionDate "2005.09.01"]
[SourceQuality "1"]

1. e4 c5 2. Nf3 Nc6 3. d4 cxd4 4. Nxd4 e6 5. Nb5 d6 6. c4 Nf6 7. N5c3 Be7 8. Be2 0-0 9. 0-0 b6 10. Be3 Bb7 11. Nd2 Rc8 12. Rc1 Qd7 13. f4 Rfe8 14. Bf3 Bf8 15. Bf2 Nb4 16. Qe2 d5 17. e5 Ne4 18. Ndxe4 dxe4 19. Nxe4 Qd3 20. a3 Bxe4 21. Qxe4 Qxe4 22. Bxe4 Nc6 23. b4 Nb8 24. Rfd1 Red8 25. Rxd8 Rxd8 26. Be3 f5 27. exf6 gxf6 28. c5 bxc5 29. bxc5 f5 30. Bb7 Rd3 31. Kf2 Rxa3 32. c6 Ra2+ 33. Kf3 Nxc6 34. Rxc6 Kf7 35. Bc8 1-0

[Event "RUS Summer U16 2nd"]
[Site "Satka"]
[Date "2005.06.27"]
[Round "1"]
[White "Airapetian, Gor"]
[Black "Gerasimov, Yuri"]
[Result "1/2-1/2"]
[WhiteElo "2179"]
[BlackElo "2302"]
[PlyCount "90"]
[EventDate "2005.06.27"]
[EventType "swiss"]
[EventRounds "9"]
[EventCountry "RUS"]
[SourceTitle "CBM 107 Extra"]
[Source "ChessBase"]
[SourceDate "2005.09.01"]
[SourceVersion "1"]
[SourceVersionDate "2005.09.01"]
[SourceQuality "1"]

1. e4 e5 2. Nf3 d6 3. d4 exd4 4. Nxd4 Nf6 5. Nc3 Be7 6. Be2 0-0 7. Bf4 Nbd7 8. Qd2 Nc5 9. f3 c6 10. 0-0-0 d5 11. e5 Ne8 12. h4 f6 13. Kb1 fxe5 14. Bxe5 Bf6 15. Bxf6 Qxf6 16. Qg5 Nc7 17. Qxf6 Rxf6 18. g3 N7e6 19. Nxe6 Bxe6 20. Rhe1 Re8 21. b4 Nd7 22. f4 Bf7 23. Bd3 Rxe1 24. Rxe1 Re6 25. Rxe6 Bxe6 26. Ne2 Nf6 27. Kb2 Bg4 28. Kc3 Kf7 29. Kd4 Ke6 30. Ke3 g6 31. Nd4+ Kd6 32. f5 gxf5 33. Nxf5+ Bxf5 34. Bxf5 Ke5 35. g4 h6 36. Kf3 d4 37. Bd3 Nd5 38. a3 b6 39. g5 hxg5 40. hxg5 c5 41. bxc5 bxc5 42. g6 Kf6 43. g7 Kxg7 44. Ke4 Ne3 45. c3 Nd1 1/2-1/2

[Event "St Petersburg-ch 78th"]
[Site "St Petersburg"]
[Date "2005.03.26"]
[Round "10"]
[White "Lugovoi, Aleksei"]
[Black "Gerasimov, Yuri"]
[Result "1/2-1/2"]
[WhiteElo "2552"]
[BlackElo "2242"]
[PlyCount "132"]
[EventDate "2005.03.17"]
[EventType "tourn"]
[EventRounds "11"]
[EventCountry "RUS"]
[EventCategory "10"]
[SourceTitle "CBM 106"]
[Source "ChessBase"]
[SourceDate "2005.06.06"]
[SourceVersion "1"]
[SourceVersionDate "2005.06.06"]
[SourceQuality "1"]

1. d4 Nf6 2. c4 e6 3. Nc3 Bb4 4. e3 0-0 5. Bd3 c5 6. Nf3 d5 7. 0-0 Nc6 8. a3 Bxc3 9. bxc3 dxc4 10. Bxc4 Qc7 11. h3 e5 12. Bb2 b6 13. Ba2 Ba6 14. Re1 Rad8 15. e4 Rfe8 16. Qc2 Re7 17. d5 Na5 18. c4 Ne8 19. Nd2 f6 20. Rac1 Nd6 21. Qd1 Nf7 22. Bb1 Qd7 23. Bd3 Nc6 24. Qa4 Nb8 25. Qxd7 Nxd7 26. a4 Nd6 27. Bc3 Rb8 28. Rb1 Ree8 29. g3 g6 30. Kg2 Rf8 31. f4 Rbe8 32. a5 Rb8 33. axb6 axb6 34. Ra1 Ra8 35. Ra2 Bb7 36. Rea1 Rxa2 37. Rxa2 Ra8 38. Rxa8+ Bxa8 39. Nf3 f5 40. Nxe5 fxe4 41. Be2 Nb8 42. g4 Bb7 43. Nxg6 hxg6 44. Be5 Nxc4 45. Bxc4 Nd7 46. Bc3 Kf8 47. h4 Ke7 48. h5 gxh5 49. gxh5 b5 50. h6 Nf8 51. Bxb5 Bxd5 52. Kf2 Be6 53. Ke3 Bf5 54. Bc6 Kf7 55. Bxe4 Bxe4 56. Kxe4 Kg6 57. Bg7 Nh7 58. Kf3 Kh5 59. Ke3 c4 60. Kd4 c3 61. Kxc3 Kg4 62. Be5 Kh5 63. Bg7 Kg4 64. Be5 Kh5 65. Kd4 Kxh6 66. Kd5 Kg6 1/2-1/2

[Event "St Petersburg-ch 78th"]
[Site "St Petersburg"]
[Date "2005.03.23"]
[Round "7"]
[White "Gerasimov, Yuri"]
[Black "Solovjov, Sergey"]
[Result "1/2-1/2"]
[WhiteElo "2242"]
[BlackElo "2456"]
[PlyCount "67"]
[EventDate "2005.03.17"]
[EventType "tourn"]
[EventRounds "11"]
[EventCountry "RUS"]
[EventCategory "10"]
[SourceTitle "CBM 106"]
[Source "ChessBase"]
[SourceDate "2005.06.06"]
[SourceVersion "1"]
[SourceVersionDate "2005.06.06"]
[SourceQuality "1"]

1. d4 Nf6 2. Nf3 d5 3. c4 c6 4. cxd5 Nxd5 5. e4 Nf6 6. Nc3 e6 7. Bd3 b5 8. 0-0 b4 9. e5 Nd5 10. Ne4 Ba6 11. Bxa6 Nxa6 12. Bg5 Qb6 13. Rc1 h6 14. Bh4 g5 15. Bg3 0-0-0 16. Nfd2 Qxd4 17. Rxc6+ Kb7 18. Qc2 Nb6 19. Rc1 Be7 20. Nb3 Qd5 21. Nd6+ Bxd6 22. exd6 Rc8 23. h3 Rhd8 24. Na5+ Qxa5 25. d7 Ra8 26. Rxe6 Nc5 27. Rxh6 Nbxd7 28. Qc4 f6 29. Qd5+ Kb6 30. Rxf6+ Nxf6 31. Bc7+ Kxc7 32. Rxc5+ Qxc5 33. Qxc5+ Kd7 34. Qxg5 1/2-1/2

[Event "St Petersburg-ch 78th"]
[Site "St Petersburg"]
[Date "2005.03.22"]
[Round "6"]
[White "Loginov, Valery A"]
[Black "Gerasimov, Yuri"]
[Result "1-0"]
[WhiteElo "2507"]
[BlackElo "2242"]
[PlyCount "105"]
[EventDate "2005.03.17"]
[EventType "tourn"]
[EventRounds "11"]
[EventCountry "RUS"]
[EventCategory "10"]
[SourceTitle "CBM 106"]
[Source "ChessBase"]
[SourceDate "2005.06.06"]
[SourceVersion "1"]
[SourceVersionDate "2005.06.06"]
[SourceQuality "1"]

1. Nf3 Nf6 2. g3 b6 3. Bg2 Bb7 4. 0-0 c5 5. d3 d6 6. e4 e5 7. Nbd2 Be7 8. c3 0-0 9. Re1 Nc6 10. a3 Qc7 11. b4 Rad8 12. Bb2 a5 13. Qb3 Nd7 14. d4 Bf6 15. Rac1 axb4 16. axb4 Qb8 17. bxc5 bxc5 18. d5 Ne7 19. Ra1 Qc7 20. Ra7 Rb8 21. Rea1 Nc8 22. R7a2 Ncb6 23. h4 Ra8 24. Nh2 Rxa2 25. Rxa2 Ra8 26. Ng4 Be7 27. Ne3 Rxa2 28. Qxa2 Qb8 29. Bf1 Qa8 30. Qxa8+ Bxa8 31. Bb5 Nb8 32. Nb3 Bd8 33. c4 g6 34. Bc3 Kf8 35. Kg2 Nc8 36. Nxc5 Bb6 37. Na6 Ba7 38. c5 dxc5 39. Bxe5 Nxa6 40. Bxa6 Ne7 41. Nc4 f5 42. f3 h6 43. Bc7 g5 44. Bb6 Bb8 45. Bxc5 g4 46. d6 gxf3+ 47. Kf2 Nc6 48. exf5 Kf7 49. g4 Kf6 50. Nb6 Ne5 51. Nxa8 Nxg4+ 52. Kxf3 Ne5+ 53. Ke4 1-0

[Event "St Petersburg-ch 78th"]
[Site "St Petersburg"]
[Date "2005.03.20"]
[Round "4"]
[White "Vitiugov, Nikita"]
[Black "Gerasimov, Yuri"]
[Result "1/2-1/2"]
[WhiteElo "2478"]
[BlackElo "2242"]
[PlyCount "70"]
[EventDate "2005.03.17"]
[EventType "tourn"]
[EventRounds "11"]
[EventCountry "RUS"]
[EventCategory "10"]
[SourceTitle "CBM 106"]
[Source "ChessBase"]
[SourceDate "2005.06.06"]
[SourceVersion "1"]
[SourceVersionDate "2005.06.06"]
[SourceQuality "1"]

1. d4 Nf6 2. c4 e6 3. Nf3 d5 4. Nc3 Be7 5. Bg5 h6 6. Bh4 Ne4 7. Bxe7 Qxe7 8. cxd5 Nxc3 9. bxc3 exd5 10. Qb3 c6 11. e3 0-0 12. Bd3 Be6 13. 0-0 b6 14. Ne5 c5 15. c4 dxc4 16. Bxc4 Bxc4 17. Qxc4 Rc8 18. a4 Re8 19. Qb5 f6 20. Nc4 Nd7 21. Rad1 cxd4 22. Rxd4 Nc5 23. Nd6 Red8 24. Rfd1 Qe6 25. Qb1 Rd7 26. Qg6 f5 27. Qg3 Rad8 28. h3 Nxa4 29. Rxa4 Rxd6 30. Rxd6 Qxd6 31. Qxd6 Rxd6 32. Rxa7 Rd2 33. Rb7 Rb2 34. g3 Kh7 35. Kg2 h5 1/2-1/2

[Event "St Petersburg-ch 78th"]
[Site "St Petersburg"]
[Date "2005.03.18"]
[Round "2"]
[White "Yemelin, Vasily"]
[Black "Gerasimov, Yuri"]
[Result "1/2-1/2"]
[WhiteElo "2555"]
[BlackElo "2242"]
[PlyCount "79"]
[EventDate "2005.03.17"]
[EventType "tourn"]
[EventRounds "11"]
[EventCountry "RUS"]
[EventCategory "10"]
[SourceTitle "CBM 106"]
[Source "ChessBase"]
[SourceDate "2005.06.06"]
[SourceVersion "1"]
[SourceVersionDate "2005.06.06"]
[SourceQuality "1"]

1. e4 e5 2. Nf3 Nc6 3. Bb5 a6 4. Ba4 d6 5. Bxc6+ bxc6 6. d4 exd4 7. Nxd4 Bd7 8. c4 Be7 9. 0-0 Bf6 10. c5 Ne7 11. Nc3 0-0 12. cxd6 cxd6 13. Bf4 d5 14. Bd6 dxe4 15. Nxe4 Bxd4 16. Qxd4 Nf5 17. Qc5 Re8 18. Nc3 Nxd6 19. Qxd6 Re6 20. Qd2 Qc7 21. Rad1 Re7 22. Rfe1 Be6 23. Qg5 Rae8 24. h3 h6 25. Qc5 Rd7 26. Rxd7 Qxd7 27. Rd1 Qb7 28. b3 Qc7 29. Na4 Qb7 30. Nc3 Qc7 31. Na4 Qb7 32. Qb6 Qxb6 33. Nxb6 c5 34. Na4 c4 35. b4 Rb8 36. a3 a5 37. bxa5 Ra8 38. Nc5 Rxa5 39. Rd8+ Kh7 40. Nxe6 1/2-1/2

[Event "Chigorin Memorial 12th"]
[Site "St Petersburg"]
[Date "2004.10.24"]
[Round "9"]
[White "Utkin, Aleksey"]
[Black "Gerasimov, Yuri"]
[Result "1/2-1/2"]
[WhiteElo "2393"]
[BlackElo "2195"]
[PlyCount "112"]
[EventDate "2004.10.16"]
[EventType "swiss"]
[EventRounds "9"]
[EventCountry "RUS"]
[SourceTitle "EXT 2005"]
[Source "ChessBase"]
[SourceDate "2004.11.15"]
[SourceVersion "1"]
[SourceVersionDate "2004.11.15"]
[SourceQuality "1"]

1. d4 Nf6 2. Nf3 d5 3. c4 c6 4. Nc3 e6 5. Bg5 Be7 6. e3 0-0 7. Rc1 Nbd7 8. Bd3 dxc4 9. Bxc4 Nd5 10. Bxe7 Qxe7 11. 0-0 Nxc3 12. Rxc3 e5 13. Bb3 e4 14. Nd2 Nf6 15. Qb1 Bf5 16. Bc2 Rae8 17. Rc5 Bg6 18. Re5 Qc7 19. Rxe8 Rxe8 20. h3 Qa5 21. Nc4 Qg5 22. Kh1 Re6 23. Ne5 Bf5 24. f4 Qh6 25. Bb3 Re7 26. Qe1 Ne8 27. Kh2 Be6 28. Qb4 Qf6 29. Bxe6 Qxe6 30. f5 Qd6 31. Qxd6 Nxd6 32. f6 Re6 33. fxg7 f6 34. Nd7 Kxg7 35. Nc5 Re7 36. Rc1 f5 37. Kg3 Kf6 38. Kf4 Ne8 39. g4 Nc7 40. Kg3 Nd5 41. Re1 fxg4 42. hxg4 Kg5 43. Rh1 Nxe3 44. Re1 Nc2 45. Rxe4 Rxe4 46. Nxe4+ Kg6 47. Nd6 b6 48. Nc8 Nxd4 49. Nxa7 Kg5 50. a4 Ne2+ 51. Kf3 Nd4+ 52. Ke4 Nb3 53. Nxc6 Nc5+ 54. Kf3 Nxa4 55. b4 Nc3 56. Nd4 Nd5 1/2-1/2

[Event "Chigorin Memorial 12th"]
[Site "St Petersburg"]
[Date "2004.10.20"]
[Round "5"]
[White "Kim, Alexey"]
[Black "Gerasimov, Yuri"]
[Result "1/2-1/2"]
[WhiteElo "2443"]
[BlackElo "2195"]
[PlyCount "116"]
[EventDate "2004.10.16"]
[EventType "swiss"]
[EventRounds "9"]
[EventCountry "RUS"]
[SourceTitle "EXT 2005"]
[Source "ChessBase"]
[SourceDate "2004.11.15"]
[SourceVersion "1"]
[SourceVersionDate "2004.11.15"]
[SourceQuality "1"]

1. e4 e5 2. Nf3 d6 3. d4 exd4 4. Qxd4 Nc6 5. Bb5 Bd7 6. Bxc6 bxc6 7. 0-0 c5 8. Qd3 Ne7 9. Nc3 Ng6 10. Nd5 Be7 11. b3 0-0 12. Bb2 Be6 13. Rad1 f6 14. Qc3 Rf7 15. Qa5 c6 16. Nxe7+ Rxe7 17. Qxd8+ Rxd8 18. Nd2 Nf4 19. Rfe1 Red7 20. g3 Ng6 21. Nf1 Bg4 22. Rd3 Ne5 23. Bxe5 fxe5 24. f3 Be6 25. c4 a5 26. Ne3 Rf7 27. Kg2 Kf8 28. Nd1 a4 29. Nc3 axb3 30. axb3 Rb7 31. Na4 Ke7 32. Red1 Rdd7 33. f4 exf4 34. gxf4 Ra7 35. Rc3 g6 36. Kg3 h6 37. Re1 Rd8 38. f5 Bf7 39. e5 gxf5 40. exd6+ Kf6 41. Rd1 Bh5 42. Rd2 Rg7+ 43. Kh3 Rgd7 44. Rcd3 Ke5 45. Kh4 Bf7 46. Nxc5 Rxd6 47. Rxd6 Rxd6 48. Rxd6 Kxd6 49. Nd3 c5 50. Kg3 Bh5 51. Kf4 Bd1 52. b4 cxb4 53. Nxb4 Be2 54. Kxf5 Bxc4 55. Kg6 Ke5 56. Kxh6 Kf4 57. Kh5 Bf7+ 58. Kh4 Kf5 1/2-1/2

[Event "RUS-ch U16"]
[Site "Dagomys"]
[Date "2004.04.??"]
[Round "?"]
[White "Frolov, Artiom"]
[Black "Gerasimov, Yuri"]
[Result "1/2-1/2"]
[WhiteElo "2297"]
[BlackElo "2191"]
[PlyCount "70"]
[EventDate "2004.04.??"]
[EventType "swiss"]
[EventRounds "10"]
[EventCountry "RUS"]
[SourceTitle "EXT 2005"]
[Source "ChessBase"]
[SourceDate "2004.11.15"]
[SourceVersion "1"]
[SourceVersionDate "2004.11.15"]
[SourceQuality "1"]

1. e4 c5 2. Nf3 e6 3. c3 d5 4. e5 Nc6 5. d4 Qb6 6. a3 cxd4 7. cxd4 Nh6 8. b4 Nf5 9. Bb2 Be7 10. Qd2 Bd7 11. Bc3 a6 12. Be2 Rc8 13. 0-0 0-0 14. g4 Nh4 15. Nxh4 Bxh4 16. a4 Nb8 17. b5 Qd8 18. Ba5 Qe8 19. Nc3 f6 20. Bb4 Rf7 21. f4 fxe5 22. fxe5 Be7 23. Bxe7 Qxe7 24. Rxf7 Qxf7 25. Rf1 Qe7 26. Bd3 axb5 27. axb5 Be8 28. Kh1 Nd7 29. Ne2 Nf8 30. Qf4 Bg6 31. Qg3 Bxd3 32. Qxd3 Ng6 33. Ng3 Qg5 34. h3 Nf4 35. Qe3 Nxh3 1/2-1/2

[Event "RUS-ch U16"]
[Site "Dagomys"]
[Date "2004.04.??"]
[Round "?"]
[White "Gerasimov, Yuri"]
[Black "Khmara, Maxim"]
[Result "1-0"]
[WhiteElo "2191"]
[BlackElo "2136"]
[PlyCount "64"]
[EventDate "2004.04.??"]
[EventType "swiss"]
[EventRounds "10"]
[EventCountry "RUS"]
[SourceTitle "EXT 2005"]
[Source "ChessBase"]
[SourceDate "2004.11.15"]
[SourceVersion "1"]
[SourceVersionDate "2004.11.15"]
[SourceQuality "1"]

1. d4 e6 2. c4 d5 3. Nf3 Nf6 4. Nc3 Be7 5. Bg5 0-0 6. e3 Nbd7 7. cxd5 exd5 8. Qc2 Re8 9. Bd3 Nf8 10. Bxf6 Bxf6 11. 0-0 c6 12. b4 Be7 13. Rab1 Bd6 14. Rfc1 Bg4 15. Be2 Re6 16. h3 Bh5 17. b5 f5 18. bxc6 bxc6 19. Ne5 Bxe2 20. Nxe2 Bxe5 21. dxe5 Rxe5 22. Qxc6 Re6 23. Qc2 Rf6 24. Qd3 Qd7 25. Rb5 Rd8 26. Qb3 a6 27. Rb7 Qd6 28. Nf4 g5 29. Nh5 Rh6 30. Ng3 Qe6 31. Qb2 Nd7 32. Ne2 Rg6 1-0

[Event "RUS-ch U16"]
[Site "Dagomys"]
[Date "2004.04.??"]
[Round "?"]
[White "Grunis, Stanislav Igorevich"]
[Black "Gerasimov, Yuri"]
[Result "1-0"]
[WhiteElo "2084"]
[BlackElo "2191"]
[PlyCount "70"]
[EventDate "2004.04.??"]
[EventType "swiss"]
[EventRounds "10"]
[EventCountry "RUS"]
[SourceTitle "EXT 2005"]
[Source "ChessBase"]
[SourceDate "2004.11.15"]
[SourceVersion "1"]
[SourceVersionDate "2004.11.15"]
[SourceQuality "1"]

1. Nf3 c5 2. g3 b6 3. e4 Bb7 4. Nc3 e6 5. Bg2 d6 6. 0-0 Nf6 7. Re1 Be7 8. d4 Nbd7 9. d5 e5 10. Nd2 0-0 11. Nc4 Ne8 12. f4 Bf6 13. Nb5 Qe7 14. Ne3 g6 15. Ng4 Bg7 16. f5 h5 17. Ne3 Ba6 18. a4 Bxb5 19. axb5 Bf6 20. g4 h4 21. Rf1 g5 22. h3 Nc7 23. Qd3 Nb8 24. Nc4 Nd7 25. Ne3 Rfb8 26. Bd2 Nf8 27. Bf3 Qd7 28. Be2 Nh7 29. Ra3 Ne8 30. Rfa1 Nf8 31. b3 Bd8 32. R1a2 f6 33. Be1 Rb7 34. Qd1 Nc7 35. Qd3 Ne8 1-0

[Event "St Petersburg op"]
[Site "St Petersburg"]
[Date "2003.??.??"]
[Round "3"]
[White "Osinovsky, Stepan"]
[Black "Gerasimov, Yuri"]
[Result "0-1"]
[WhiteElo "2274"]
[BlackElo "2155"]
[PlyCount "122"]
[EventDate "2003.??.??"]
[EventType "swiss"]
[EventRounds "9"]
[EventCountry "RUS"]
[SourceTitle "EXT 2005"]
[Source "ChessBase"]
[SourceDate "2004.11.15"]
[SourceVersion "1"]
[SourceVersionDate "2004.11.15"]
[SourceQuality "1"]

1. e4 c5 2. Nf3 e6 3. d4 cxd4 4. Nxd4 Nc6 5. Nc3 a6 6. f4 Qc7 7. Be3 Bb4 8. Bd3 Nf6 9. 0-0 d6 10. Kh1 0-0 11. Nxc6 bxc6 12. e5 Nd5 13. Nxd5 cxd5 14. Qh5 g6 15. Qh4 Bc5 16. Bxc5 dxc5 17. c3 Rb8 18. Rf2 c4 19. Bf1 a5 20. Rd1 a4 21. a3 Rb7 22. Qf6 Qe7 23. Rdd2 Qc5 24. h4 Qe7 25. h5 Qxf6 26. exf6 gxh5 27. Be2 h4 28. Kh2 Kh8 29. Bd1 Bd7 30. Kh3 Rg8 31. Bh5 Bc6 32. Kxh4 Rd7 33. Rfe2 Rgd8 34. Rd4 Rc8 35. Kg3 Kg8 36. Kf2 Rb7 37. Rdd2 Kf8 38. g3 Kg8 39. Re5 h6 40. Ree2 Kh7 41. g4 Rd8 42. Ke3 Rg8 43. Kd4 Rh8 44. Kc5 Rc8 45. Rh2 Kg8 46. Kd4 Kf8 47. Rdg2 Rcb8 48. Kc5 d4 49. Rd2 d3 50. Kxc4 Rd8 51. Kc5 Be4 52. c4 Rc7+ 53. Kb4 Rb7+ 54. Kc5 Rc7+ 55. Kb4 Rdc8 56. Kxa4 Rxc4+ 57. b4 Rc3 58. g5 Ra8+ 59. Kb5 Rb8+ 60. Ka4 Bc6+ 61. b5 Rxb5 0-1

[Event "Chigorin Memorial-B 10th"]
[Site "St Petersburg"]
[Date "2002.10.31"]
[Round "6"]
[White "Gerasimenyk, Mihail"]
[Black "Gerasimov, Yuri"]
[Result "1-0"]
[WhiteElo "2329"]
[BlackElo "2115"]
[PlyCount "95"]
[EventDate "2002.10.25"]
[EventType "swiss"]
[EventRounds "9"]
[EventCountry "RUS"]
[SourceTitle "EXT 2003"]
[Source "ChessBase"]
[SourceDate "2002.11.25"]
[SourceVersion "1"]
[SourceVersionDate "2002.11.25"]
[SourceQuality "1"]

1. d4 Nf6 2. c4 e6 3. Nc3 d5 4. Nf3 c6 5. Bg5 Nbd7 6. e3 Be7 7. Bd3 dxc4 8. Bxc4 b5 9. Bd3 Bb7 10. 0-0 0-0 11. e4 b4 12. Ne2 h6 13. Bh4 c5 14. e5 Nd5 15. Bg3 cxd4 16. Nfxd4 Nc5 17. Bc2 Rc8 18. Nb5 Ba6 19. Nd6 Bxd6 20. exd6 Qf6 21. Re1 Bxe2 22. Qxe2 Nd7 23. Rad1 N5b6 24. Bd3 g6 25. h4 Rc5 26. f4 Ra5 27. Bb1 Rc8 28. Rf1 Rcc5 29. a3 b3 30. Be1 Ra4 31. Bb4 Rd5 32. g3 a5 33. Bc3 Qd8 34. Bxg6 Rxd1 35. Bxf7+ Kf8 36. Rxd1 Nd5 37. Rxd5 exd5 38. Qg4 Kxf7 39. Qh5+ Ke6 40. Qg6+ Nf6 41. Bxf6 Qxf6 42. f5+ Ke5 43. d7 Qxg6 44. fxg6 Rxa3 45. d8Q Ra1+ 46. Kf2 a4 47. g7 a3 48. g8Q 1-0